000 00711nam a22002297a 4500
005 20170124105927.0
010 _aA-371728
020 _c00
_a817031129
035 _aA-371728
037 _bCen Lib/Ret
040 _aDPL
_bEN
082 _a327.54
_bBHA
100 _aBhargava, G.S.
_97100
245 _aSouth asian security after afganistan /
_cby G.S. Bhargava
260 _aNew Delhi
_bArnold Publishers
_c1989
270 _aAb/9, safdarjang enclave
_bNew Delhi
_e110029
300 _axv, 203p.
_c21cm(Hb)
500 _aIncludes bibliographical references and index
650 _aForeign policy
_95145
650 _aSecurity orientation
_97101
942 _2ddc
_cEN
_h327.54
_mBHA
999 _c123595
_d123595